Вып. 3; Проблемы геологии нефти

গ্রন্থ-পঞ্জীর বিবরন
Parent link:Проблемы геологии нефти: [сборник статей]/ Академия наук СССР, Институт геологии и разработки горючих ископаемых. Вып. 3.— , 1971-
অন্যান্য লেখক: Мирчинк М. Ф. Михаил Федорович (редактор)
ভাষা:রুশ
প্রকাশিত: 1972
বিষয়গুলি:
বিন্যাস: গ্রন্থ
KOHA link:https://koha.lib.tpu.ru/cgi-bin/koha/opac-detail.pl?biblionumber=376930

MARC

LEADER 00000nam2a2200000 4500
001 376930
005 20231102012849.0
035 |a (RuTPU)RU\TPU\retro\34374 
035 |a RU\TPU\retro\34373 
090 |a 376930 
100 |a 20230127d1972 k y0rusy50 ca 
101 0 |a rus 
102 |a RU 
105 |a a z 001zy 
200 0 |a Вып. 3  |f отв. ред. М. Ф. Мирчинк 
210 |d 1972 
215 |a 383 с.  |c ил. 
320 |a Библиогр. в конце ст. 
461 1 |0 (RuTPU)RU\TPU\retro\34372  |t Проблемы геологии нефти  |o [сборник статей]  |f Академия наук СССР, Институт геологии и разработки горючих ископаемых  |v Вып. 3  |d 1971-  
606 1 |a Нефтяные месторождения  |x Геология  |2 stltpush  |3 (RuTPU)RU\TPU\subj\45952  |9 65141 
610 1 |a нефтедобывающая промышленность 
610 1 |a нефть 
610 1 |a газ 
610 1 |a разведка 
610 1 |a планирование 
610 1 |a Северный Кавказ 
610 1 |a геотермические исследования 
610 1 |a вещественный состав 
610 1 |a Западно-Сибирская плита 
610 1 |a тектоника 
610 1 |a разрывные нарушения 
610 1 |a подводные оползни 
610 1 |a палеогеография 
610 1 |a нефтегазоносность 
610 1 |a Нижняя Тунгуска 
610 1 |a Западная Туркмения 
610 1 |a Туранская плита 
610 1 |a Северные Каракумы 
610 1 |a Ферганская впадина 
675 |a 553.982  |v 4 
702 1 |a Мирчинк  |b М. Ф.  |g Михаил Федорович  |4 340 
801 1 |a RU  |b 63413507  |c 20230127 
801 2 |a RU  |b 63413507  |c 20230127  |g RCR 
942 |c BK